01223cam a2200349 a 450000100090000000300060000900500170001500800410003201000170007302000150009003500220010503700600012704000130018704200100020004300120021005000240022208200260024610000260027224500780029826000520037630000240042850400640045252000910051652100210060752600190062854100060064754600160065356200560066965000620072565100420078765100440082913167056OStio20140310182855.0020816s2002 ph b 001 0 tgl  a 2002359552 a9715554202 a(DLC) 2002359552 bLibrary of Congress -- Jakarta Overseas OfficecP250.00 aDLCcDLC alcode aa-ph---00aBX 1753b.B171 2002 aFIL 241.042bB35 20021 aBalajadia, Basilio P.14aMga elemento ng panlipunang pananaw ng simbahan /cBalajadia, Basilio P.  aManila :bDe La Salle University Press,c2002. ax, 181 p. ;c23 cm. aIncludes bibliographical references (p. 165-167) and index. aPerceptions of Filipinos on the socio-economic role of Catholic church in their lives. aCollege Students c1210L to 1700L j1 aIn Tagalog. eFor Circulation. 1 copy available in the collection 0aChurch and social problemszPhilippinesxCatholic Church. 0aPhilippinesxSocial conditionsy1986- 0aPhilippinesxEconomic conditionsy1946-